000 00613nam a22001937a 4500
003 Nust
005 20241030133403.0
008 170216b xxu||||| |||| 00| 0 eng d
040 _cNust-MCE
082 _a200
100 _a Abbas Muhammad
_918253
245 _aProductivity improvement techniques in construction industry of Pakistan/
_cMuhammad Abbas
260 _aRisalpur,
_bMCE,
_c2016.
300 _a112p.
650 _2MS-Construction Engineering and Management
700 _aSupervisor; Muhammad Irfan
_9126592
856 _uhttp://10.250.8.41:8080/xmlui/handle/123456789/11820
942 _cSC
_2ddc
999 _c232415
_d232415